000 00703nam a2200289Ia 4500
005 20260324123512.0
008 008 260324s9999 xx 000 0 eng d
020 _a9780203116494
037 _aEBOOK
040 _aCRL
040 _beng
040 _cCRL
041 _2eng
041 _aeng
084 _qCRL
100 _aPauline Gardiner Barber; Winnie Lem
_91170558
245 0 _aMigration in the 21st Century
245 0 _bPolitical Economy and Ethnography
260 _bTaylor and Francis
260 _c2012
365 _a
365 _b240
856 _uhttp://www.taylorfrancis.com/books/9780203116494
942 _cEBOOK
999 _c1764132
_d1764132